| 000 | 00582nam a2200205 a 4500 | ||
|---|---|---|---|
| 001 | BRCA_6983 | ||
| 005 | 20190320205651.0 | ||
| 008 | 221111s1950----gw-a######---#000-0#ger-# | ||
| 041 | _ager | ||
| 044 | _agw | ||
| 084 |
_aDP43 _b.K36 _c1950 |
||
| 245 | 1 | 0 |
_aSpanien ein Farbbildwerk _cKurt Peter Karfeld ; text von Francisco de Cossio. |
| 260 |
_aMúnich _bApollo _c[195-?] |
||
| 300 |
_a28 p. _bil., 41 láminas (a color) _c?? cm. |
||
| 500 | _aO215 | ||
| 651 | 4 |
_aEspaña _xDescripción y viajes _97912 |
|
| 700 | 1 |
_aCossio, Francisco de _917384 |
|
| 902 | _aGFM | ||
| 942 |
_2lcc _cB |
||
| 999 |
_c6664 _d6664 |
||